MARC
| LEADER | 00000nam^a2200000^a^4500 | ||
|---|---|---|---|
| 001 | 000301999 | ||
| 005 | 20250526000000.0 | ||
| 009 | 20260310112600.079 | ||
| 025 | |a Donación Robles Martínez, 1 ejemplar | ||
| 037 | |a Acervo ITESO - Biblioteca | ||
| 041 | |a ESP | ||
| 082 | |a 465. |b HER | ||
| 100 | |a Herrauz, Diego Narciso |e (autor) | ||
| 245 | 1 | 0 | |a Elementos de gramática castellana / |c D.N. Herrauz. |
| 264 | |a Guadalajara, México : |b Tipográfica de Rodríguez, |c 1871 | ||
| 300 | |a 86 p. ; |c 15.0 cm. | ||
| 649 | |a XX | ||
| 650 | |a Español | ||
| 650 | |a Gramática | ||
| 910 | |a Fondo Robles Martínez | ||
| 920 | |a Impresos - Libros | ||
| 930 | |a Libros Antiguos y Raros | ||
| 905 | |a 108 | ||
| 901 | |a 0500187916 |b IT2 |c LRA |i D |u 20250526 | ||
| 902 | |a https://opac.biblio.iteso.mx/vufind/Record/000301999 | ||